| 000 | 00458nam a22001817a 4500 | ||
|---|---|---|---|
| 999 |
_c17373 _d17373 |
||
| 003 | Nust | ||
| 005 | 20190925114219.0 | ||
| 008 | 150917t xxu||||| |||| 00| 0 eng d | ||
| 020 | _681-7754-361-x | ||
| 038 | _aA | ||
| 040 | _cASAB | ||
| 082 | _a633.104680954 BAR | ||
| 100 |
_aHimangshu barman _921370 |
||
| 245 |
_aPost harvest Food grain storage / _cby Himangshu barman |
||
| 260 |
_aIndia _bAgrobio india _c2008 |
||
| 300 | _a190 P | ||
| 942 |
_2ddc _cBK |
||